| 000 | 00448nam a22001457a 4500 | ||
|---|---|---|---|
| 005 | 2012021408108.0 | ||
| 020 |
_a0070598673 _c000.00 |
||
| 035 | _aB-189942 | ||
| 037 |
_aDPL _bENG |
||
| 100 |
_aAlapati,Sam R _942072 |
||
| 245 |
_aOCP Oracle Database 10g/ _cby Alex Lukatsky _bNew Administrators Exam Guide |
||
| 260 |
_aNew Delhi _bTata Mc Graw Hill _c2006 |
||
| 300 |
_aXXXVI, 663p.(pbk) _c22 cms. |
||
| 942 |
_2ddc _cEN _h005.756 _mALA |
||
| 999 |
_c62831 _d62831 |
||